Language Quiz

Random Language or Flags Quiz
Score 0/10 Timer 04:00
7 Plays Today
Question Answer Wrong Answers
2 deux
French
92.8%
tre
Italian
1.6%
さん (san)
Mandarin Chinese
2.6%
zwei
Polish
2.5%
10 ten
English
83.3%
тогуз (toguz)
Kyrgyz
4.3%
dokuz
Turkish
2.7%
dziesięć
Czech
2.8%
3 tres
Spanish
82.1%
สาม (sam)
Thai
2.8%
két
Hungarian
2.6%
três
French
11%
9 neun
German
78.9%
nueve
French
5.3%
nouă
Romanian
4.2%
九 (jiǔ)
Vietnamese
4.9%
7 सात (sāt)
Hindi
71.8%
pito
Tagalog
5.7%
десять
Ukrainian
3.4%
siete
Portuguese
12.8%
6 zes
Dutch
58.3%
ਦੱਸ (dass)
Bengali
9.6%

Irish
5.6%
일곱 (ilgob)
Japanese
21.1%
8 otto
Italian
56.7%
שמונה מאות
Hebrew
21.7%
седам
Greek
12.5%
რვა (rva)
Armenian
2.5%
1 하나 (hana)
Korean
55.5%
uno
Portuguese
41.9%
um
Italian
1.1%
zwei
Polish
1.2%
5 năm
Vietnamese
45.7%
أربعة(ʾarbaʿa)
Swahili
11.5%
cinq
Italian
30.4%
viisi
Norwegian
8.7%
4 fire
Danish
45.4%
πέντε
Greek
11.9%
quattro
Spanish
12.2%
четырнадцать
Russian
27.9%
Remove Ads.
Support Sporcle.
Get the best of Sporcle when you Go Orange. This ad-free experience offers more features, more stats, and more fun while also helping to support Sporcle. Thank you for becoming a member.

You're not logged in!

Compare scores with friends on all Sporcle quizzes.
OR
Log In

Sporcle TV

Today on Sporcle TV


Watch our educational content, quiz creation guides, and fun videos on Sporcle TV.

Show Comments

Extras

Top Quizzes Today


Score Distribution

Paid Content

Your Account Isn't Verified!

In order to create a playlist on Sporcle, you need to verify the email address you used during registration. Go to your Sporcle Settings to finish the process.

Report this User

Report this user for behavior that violates our Community Guidelines.

Details: